La sémiotique du texte: du discontinu au continu

Wedi'i Gadw mewn:
Manylion Llyfryddiaeth
Prif Awdur: Ablali, Driss (Awdur)
Fformat: Llyfr
Iaith:Ffrangeg
Cyhoeddwyd: París Harmattan 2003
Cyfres:Sémantiques
Pynciau:
Tagiau: Ychwanegu Tag
Dim Tagiau, Byddwch y cyntaf i dagio'r cofnod hwn!

MARC

LEADER 00000nam a2200000 a 4500
001 UCL2284
003 CL-VaPUC
008 031017e20030000FR |||||||||||||||||fre|d
020 |a 2747540073 
082 0 4 |a 401.41  |b ABL  |2 21 
100 0 |a Ablali, Driss  |e author  |9 479359 
245 1 3 |a La sémiotique du texte: du discontinu au continu 
300 |a 285 p 
942 |c BK 
945 |d 20031017 00:00:00  |a cmena 
260 |a París  |b Harmattan  |c 2003 
650 0 |a Semiótica  |9 265317 
650 0 |a Análisis del discurso  |9 256696 
583 |a last modification  |c 20031017 00:00:00  |k Rodrigo Vera 
490 0 |a Sémantiques 
999 |c 305633  |d 305631 
952 |0 0  |1 0  |4 0  |6 401_410000000000000_ABL_2003  |7 0  |8 A  |9 369776  |a FDOPOS  |b FDOPOS  |d 2019-11-21  |i 3953521  |o 401.41 ABL 2003  |p 3953521  |r 2025-01-22  |w 2019-11-21  |y BK  |k MLA